Statistics for Japanese Prefecture Kanji Matching

Click here to take the quiz!

General Stats

  • This quiz has been taken 449 times
  • The average score is 23 of 47

Answer Stats

HintAnswer% Correct
Aomori青森
74%
Toyama富山
73%
Yamanashi山梨
71%
Yamagata山形
70%
Kyōto京都
68%
Ishikawa石川
68%
Ōita大分
65%
Nagano長野
64%
Okayama岡山
64%
Kagawa香川
62%
Fukushima福島
61%
Chiba千葉
61%
Mie三重
59%
Kanagawa神奈川
58%
Iwate岩手
57%
Kumamoto熊本
57%
Saitama埼玉
54%
Tōkyō東京
53%
Nagasaki長崎
52%
Kagoshima鹿児島
52%
Nara奈良
50%
Tokushima徳島
48%
Fukuoka福岡
47%
Yamaguchi山口
46%
Okinawa沖縄
44%
Akita秋田
44%
Ōsaka大阪
44%
Hokkaidō北海道
44%
Shimane島根
44%
Saga佐賀
41%
Fukui福井
41%
Tottori鳥取
40%
Miyazaki宮崎
39%
Ibaraki茨城
38%
Ehime愛媛
37%
Hiroshima広島
37%
Wakayama和歌山
36%
Tochigi栃木
35%
Aichi愛知
35%
Shizuoka静岡
35%
Niigata新潟
33%
Gunma群馬
30%
Hyōgo兵庫
27%
Gifu岐阜
27%
Miyagi宮城
26%
Shiga滋賀
26%
Kōchi高知
25%

Score Distribution

Percentile by Number Answered

Percent of People with Each Score

Your Score History

You have not taken this quiz